Sports Quiz

Random Sports Quiz

Super Bowl Winners then Losers Quiz Stats

Quiz not verified by Sporcle

Challenge
Share
Tweet
Embed
Score 0/16 Timer 02:00
0 Plays Today
Head Coach/Starting QB % Correct
Tom Brady
88%
Ben Roethlisberger
76.8%
Brett Favre
73.2%
Russell Wilson
71.8%
Peyton Manning
69.2%
Mike Tomlin
66.9%
Mike Holmgren
63.4%
Bill Belichick
62%
Head Coach/Starting QB % Correct
Kurt Warner
59.2%
Don Shula
57.7%
Roger Staubach
57%
Tom Landry
54.9%
Joe Gibbs
46.5%
Joe Theismann
43%
Bill Parcells
39.4%
Pete Carroll
38.5%

You're not logged in!

Compare scores with friends on all Sporcle quizzes.
Join for Free
OR
Log In

You Might Also Like...

Show Comments

Extras

Top Quizzes Today


Score Distribution

Your Account Isn't Verified!

In order to create a playlist on Sporcle, you need to verify the email address you used during registration. Go to your Sporcle Settings to finish the process.

Report this User

Report this user for behavior that violates our Community Guidelines.

Details: